|
|
|
|
| LEADER |
00000nas a2200000 a 4500 |
| 001 |
ssj0012057 |
| 003 |
WaSeSS |
| 005 |
20200512172242.0 |
| 006 |
m d |
| 007 |
cr n |
| 008 |
741216d19712002dcubr p s 0 a0eng |
| 010 |
|
|
|a 73022722
|z cn 87039066
|
| 015 |
|
|
|a 87039066X
|2 can
|
| 016 |
|
|
|a (AMICUS)000000514444
|
| 016 |
7 |
|
|a 101086486
|2 DNLM
|
| 016 |
|
|
|a 87039066X
|
| 022 |
|
|
|l 0020-9112
|y 0020-9112
|
| 030 |
|
|
|a INWLAI
|
| 032 |
|
|
|a 853680
|b USPS
|
| 035 |
|
|
|a (WaSeSS)ssj0012057
|
| 040 |
|
|
|a DLC
|b eng
|c PIT
|d NSD
|d IUL
|d DLC
|d AIP
|d NST
|d OCL
|d DLC
|d NST
|d NLC
|d NST
|d NSD
|d NST
|d NLC
|d IUL
|d NLC
|d WAU
|d NLM
|d OCLCQ
|d NSD
|d OCLCQ
|d UQ1
|d CRU
|d OCLCQ
|d ORZ
|d OCLCF
|d OCLCO
|d I8M
|d OCLCQ
|d CSJ
|d OCLCQ
|d CPO
|d OCLCQ
|d NJR
|d U3G
|d CUI
|d SFB
|d LBQ
|d WaSeSS
|
| 042 |
|
|
|a nsdp
|a pcc
|a nlc
|
| 050 |
0 |
0 |
|a QL81.5
|b .I56
|
| 050 |
1 |
4 |
|a S960
|b .I55
|
| 060 |
|
4 |
|a W1 IN929
|
| 082 |
0 |
4 |
|a 333.95/05
|2 19
|
| 210 |
0 |
|
|a Int. wildl.
|
| 222 |
|
0 |
|a International wildlife
|
| 245 |
0 |
0 |
|a International wildlife
|h [electronic resource].
|
| 260 |
|
|
|a [Washington, D.C.] :
|b National Wildlife Federation,
|c [1971]-©2001.
|
| 310 |
|
|
|a Bimonthly
|
| 362 |
0 |
|
|a Vol. 1, no. 1 (Jan./Feb. 1971)-v. 32, no. 1 (Jan./Feb. 2002).
|
| 500 |
|
|
|a Title from cover.
|
| 506 |
|
|
|a License restrictions may limit access.
|
| 550 |
|
|
|a Official publication of: the National Wildlife Federation, 1971-2002; and the Canadian Wildlife Federation, 1975-19.
|
| 580 |
|
|
|a Absorbed in part, 1980?: Conservation news.
|
| 650 |
|
0 |
|a Wildlife conservation
|v Periodicals.
|
| 650 |
|
0 |
|a Zoology
|v Periodicals.
|
| 650 |
|
6 |
|a Faune
|x Protection
|v Périodiques.
|
| 650 |
|
6 |
|a Zoologie
|v Périodiques.
|
| 650 |
|
7 |
|a Wildlife conservation.
|2 fast
|0 (OCoLC)fst01175253
|
| 650 |
|
7 |
|a Zoology.
|2 fast
|0 (OCoLC)fst01184696
|
| 650 |
|
7 |
|a Conservation de la faune.
|2 rasuqam
|
| 650 |
|
7 |
|a Zoologie.
|2 rasuqam
|
| 655 |
|
0 |
|a Electronic journals.
|
| 710 |
2 |
|
|a National Wildlife Federation.
|
| 710 |
2 |
|
|a Canadian Wildlife Federation.
|
| 780 |
1 |
6 |
|t Conservation news
|x 0010-647X
|w (DLC) 62002154
|w (OCoLC)1390649
|
| 785 |
0 |
1 |
|t Canadian wildlife
|x 1201-673X
|w (CaOONL)963900013
|w (OCoLC)34029039
|
| 785 |
0 |
0 |
|t National wildlife (World ed.)
|x 1545-5157
|w (DLC) 2002252733
|w (OCoLC)49499768
|
| 850 |
|
|
|a CU-S
|a CaBVa
|a CaMWUC
|a CaOTM
|a DLC
|a FU
|a InU
|a KyLoU
|a MiDW
|a MnSU
|a N
|a NcRS
|a NjR
|a OU
|a P
|a TxLT
|a ULA
|a ViBlbV
|a ViW
|
| 853 |
2 |
0 |
|8 1
|a v.
|b no.
|u 6
|v r
|i (year)
|j (month)
|w b
|
| 856 |
4 |
0 |
|z Full text available from Research Library: 09/01/1998 to 01/31/2002
|u https://search.proquest.com/publication/47235
|
| 863 |
4 |
1 |
|8 1.1
|a 3
|b 6
|i 2011
|j 06
|